| 000 | 00488nmm a2200157Ia 4500 | ||
|---|---|---|---|
| 008 | 251105s9999||||xx |||||||||||||||||und|| | ||
| 020 | _a9789562845304 | ||
| 041 | _aspa | ||
| 100 | _aValenzuela, Marcelo | ||
| 245 | 0 | _aNIIF vs. PCGA en Chile : manual para contadores y ejecutivos | |
| 264 |
_a[Santiago de Chile, Chile] : _bRil editores, _c2007 |
||
| 300 | _a306 páginas | ||
| 650 | _aEconomics and Business | ||
| 856 | _uhttps://public.digitaliapublishing.com/a/29696 | ||
| 942 | _cCF | ||
| 999 |
_c94391 _d94391 |
||